000 01329nam a22002417a 4500
003 Ro-UNCS
005 20251216142857.0
008 240909s2020 ag ||||| |||| 00| 0 spa d
020 _a978-987-702-431-9
040 _cRo-UNCS
_aRo-UNCS
080 _082-2(82)(091)
100 _aTello, Clide
_eautora
245 _aHistoria del teatro en Rosario :
_b1900-1959 /
_cClide Tello.
260 _aRosario :
_bUNR Editora,
_c2020.
300 _a296 p. ;
_c20 cm.
490 0 _aActio ;
_v1
500 _aPrólogo por Rubén Aldo Pricco.
520 3 _aEstamos seguros de que no sólo la comunidd teatral celebra la aparición de este libro sino también todas aquellas personas que, sin pertenecer a la especialidad pero interesadas en la historia del arte teatral de nuestra cuidad, intuyen que no existe el presente sin los ciminetos y explicaciones del pasado. Si relatar, describir, y explicar la fructuosa preteridad de nuestro teatro arrima argumentos, criterios y saberes para conocer factores, condicionantes y causas múltiples del teatro rosarino actual, este trabajo cumple con creces, ese noble y adminable propósito. (Aldo Rubén Pricco).
650 7 _2embne
_aTeatro
_xHistoria
_yS. XX
_zRosario
651 7 _2embne
_aRosario
_y1900-1959
_xTeatro
_vHistoria
700 1 _aPricco, Rubén Aldo.
_eprologuista
942 _2ddc
_cOG
_n0
999 _c319
_d319